000
00301nam a22001337a 4500
008
170615b xxu||||| |||| 00| 0 eng d
020
_a
9780745600246
041
_a
eng
080
_a
324
100
_a
19
101
_a
SHP
245
_a
A SOCIALIST ANATOMY BRITAIN
_c
COATES.D
942
_2
udc
_c
BK
999
_c
17496
_d
17496